000 00420nam a2200181Ia 4500
001 1885
005 20260306143801.0
008 260306t2012||||xx |||||||||||||| ||spa||
041 _aESP
082 _a158.1
_bC28A
100 _aDale Carnegie Training
_eAUT
245 0 _aMaestría en liderazgo
260 _c2012
300 _a345 páginas :
_c23 cm.
650 _aGEN
654 _aCPS
942 _cLIB
_dJUS
_fJUS
_2ddc
_n
999 _c1885
_d1885